Tři sborníky z edice Russia Altera
| Titel: | Tři sborníky z edice Russia Altera |
|---|---|
| Verfasser: | |
| In: |
Slavia, Band 76, Heft 3 (2007), Seite 369-372 alle Artikel anzeigen |
| Veröffentlicht: | 2007 |
| Format: | Aufsatz |
| Sprache: | Tschechisch |
X
alg: 39521099
001A $01999:12-11-16
001B $01999:09-08-21 $t17:43:26.000
001C $06050:19-11-16 $t08:49:09.000
001D $01999:12-11-16
001U $0utf8
001X $00
002@ $0Aox
003@ $0395210992
007A $0395210992 $aHEB
007T $0Herdp34316
010@ $acze
011@ $a2007
021A $aTři sborníky z edice Russia Altera
028A $aCechl $dPavel
031A $d76 $e3 $h369-372 $j2007
039B $aIn $8--Abvc--. Slavia. - Praha : Euroslavica, 1922-. - ISSN 0037-6736 $x200700000760003631 $9047278633
039T $8--Aax--. "Rýžoviště zlata a doly drahokamů ...". - 1. vyd.. - Červený Kostelec {[u.a.] : Mervart {[u.a.], 2006. - 579 S.. - Ill.. - ISBN 978-80-86818-34-4 $9351273840
045F $a900.94371 $eDDC23BSB
045F/01 $a900
045F/03 $g4371
045T $a7,39
045T $aAVL $qDE-30 $2FID
lok: 39521099 78
exp: 39521099 78 1 #EPN
201B/01 $026-11-17 $t04:16:29.000
201U/01 $0utf8
203@/01 $0791535835
208@/01 $a12-11-16 $be
209A/01 $a/ $f000 $x00
220C/01 $aHerkunft: Hú Av Čr Praha
244Z/01 $#Tschechien $#Tschechische Republik $#Tschechische Republik $#Tschechenland $#Tschechei Tschechien $#Česká Republika $#Czech Republic $#ČR $74303381-7 $8--Tg1--Tschechien $x01 $9086659812
244Z/01 $2Trx $#Böhmen $#Bohemia $#Czechy $8--Trx--Čechy $x02 $9391188941
244Z/01 $2Trx $#arvustused $#recenzijos $#Reviews $#recenziók $#recenzje $#recenzie $#recenze $8--Trx--Rezensionen $x03 $9391357441
247C/01 $82080>Marburg/Lahn, Herder-Institut, Forschungsbibliothek, Bibliographieportal $9336309341
| LEADER | 00000caa a22000002c 4500 | ||
|---|---|---|---|
| 001 | 395210992 | ||
| 003 | DE-603 | ||
| 005 | 20210809174326.0 | ||
| 007 | tu | ||
| 008 | 161112s2007 xx |||| | u00||u|cze c | ||
| 035 | |a (DE-599)HEB395210992 | ||
| 040 | |a DE-603 |b ger |c DE-603 |d DE-603 | ||
| 041 | |a cze | ||
| 082 | 0 | 4 | |8 1\u |a 900.94371 |q DE-101 |2 23/BSB |
| 084 | |a 7,39 |2 ssgn | ||
| 084 | |a AVL |q DE-30 |2 fid | ||
| 085 | |8 1\u |b 900 | ||
| 085 | |8 1\u |z 2 |s 4371 | ||
| 100 | 1 | |a Cechl, Pavel | |
| 245 | 0 | 0 | |a Tři sborníky z edice Russia Altera |
| 264 | 0 | |c 2007 | |
| 773 | 0 | 8 | |i In |t Slavia |d Praha : Euroslavica, 1922- |h 24 cm |x 0037-6736 |g Band 76, Heft 3 (2007), Seite 369-372 |w (DE-603)047278633 |w (DE-600)204528-X |
| 787 | 0 | 8 | |i Rezension von |t "Rýžoviště zlata a doly drahokamů ..." |b 1. vyd. |d Červený Kostelec [u.a.] : Mervart [u.a.], 2006 |h 579 S., Ill. |z 9788086818344 |z 8086818306 |z 8073081431 |w (DE-603)351273840 |
| 924 | 0 | |9 2080 |a (DE-603)791535835 |b DE-2080 |c HES |d d |g / | |


